| 000 | 01851nam a2200397 i 4500 | ||
|---|---|---|---|
| 001 | 195280 | ||
| 003 | SpMaBN | ||
| 005 | 20250708192727.0 | ||
| 008 | 230130s2021 sp a | |||| 000 f spa | ||
| 015 | _aMON21 | ||
| 017 |
_aM 21348-2021 _bOficina Depósito Legal Madrid |
||
| 020 | _a9788418141645 | ||
| 040 |
_aSpMaBN _bspa _cSpMaBN _erda _dES-MaACL |
||
| 080 | _a821.134.2-31"19" | ||
| 100 |
_aSánchez Jiménez, Antonio, _d1974- _9236836 _eaut |
||
| 245 | 1 | 4 |
_aLas tentaciones de san Antonio : _bAventura Austral / _cAntonio Sánchez Jiménez. |
| 250 | _aPrimera edicón en Reino de Cordelia, septiembre de 2021 | ||
| 264 | 1 |
_aMadrid : _bReino de Cordelia, _c[2021]. |
|
| 264 | 4 | _c©2021 | |
| 300 |
_a230 páginas : _bfotografías (blanco y negro) ; _c20 cm. |
||
| 336 |
_aTexto _2rdacontent |
||
| 337 |
_asin mediación _2rdamedia |
||
| 338 |
_avolumen _2rdacarrier |
||
| 490 | 1 |
_aReino de Cordelia ; _v148 |
|
| 520 | _aA finales del siglo XVI, el conquistador español Manuel de Maliaño emprende una expedición en busca de las islas del rey Salomón. Tentación, culpa y alucinaciones se reúnen en esta novela fantástica que combina el género histórico, las aventuras marinas y la fantasmagoría más intrigante. | ||
| 655 | 0 |
_aNovelas de mar _2tgfbne _9236837 |
|
| 655 | 7 |
_aNovelas históricas _2tgfbne _9226782 |
|
| 830 |
_9191205 _aReino de Cordelia ; _v148 |
||
| 852 |
_aES-MaACL _cDEPOJ _jN-8914 _xEncuadernación rústica con solapas _hDonación: José Lázaro García _9204792 |
||
| 903 |
_9234219 _aLázaro García, José _ednr |
||
| 942 |
_cMONOGRAFIA _n0 |
||
| 999 |
_c195280 _d195280 |
||